Návrh trakčnej kontroly elektrického vozidla

Saved in:
Bibliographic Details
Main Author: Vretenička, Šimon (Author)
Other Authors: Pacek, Daniel (Thesis advisor)
Format: Manuscript Book
Language:Slovak
Published: Bratislava : STU v Bratislave FEI, 2025
Subjects:
Online Access:https://opac.crzp.sk/?fn=detailBiblioFormChildQQV94&sid=BA75C2D62745AD5726EC9B9ED92F&seo=CRZP-detail-kniha
Tags: Add Tag
No Tags, Be the first to tag this record!

MARC

LEADER 00000ntm a22000003a 4500
001 stuzp102389
003 SK-STU
005 20251104133230.2
007 ta
008 150427s2015----xo-----f-mn---000-0-slo-d
040 |a STU  |b slo 
041 0 |a slo 
044 |a xo 
100 1 |a Vretenička, Šimon  |u 030400  |4 aut  |U FEI Fakulta elektrotechniky a informatiky  |T FEI Ústav automobilovej mechatroniky  |X 121643  |U E400  |Y 642  |7 121643 
242 0 1 |a Design of electric vehicle traction control  |y eng 
245 1 0 |a Návrh trakčnej kontroly elektrického vozidla 
260 |a Bratislava :  |b STU v Bratislave FEI,  |c 2025 
300 |a 46 s. 
650 4 |a Pozdĺžny sklz  |2 slo 
650 4 |a Dynamika vozidla  |2 slo 
650 4 |a Elektrické vozidlá  |2 slo 
650 4 |a AVL VSM  |2 slo 
650 4 |a Trakčná kontrola  |2 slo 
650 4 |a Traction control  |2 eng 
650 4 |a Longitudinal slip  |2 eng 
650 4 |a Vehicle dynamics  |2 eng 
650 4 |a Electric vehicles  |2 eng 
650 4 |a AVL VSM  |2 eng 
700 1 |a Pacek, Daniel  |u 030400  |k Z3  |4 ths  |U FEI Fakulta elektrotechniky a informatiky  |T FEI Ústav automobilovej mechatroniky  |X 93305  |U E400  |Y 642  |7 93305 
856 4 |u https://opac.crzp.sk/?fn=detailBiblioFormChildQQV94&sid=BA75C2D62745AD5726EC9B9ED92F&seo=CRZP-detail-kniha